Loading...
| Science - Chemistry | 0 | 9 | 0 | 1 | 90 | 22 | 70.67 | 5 | 8 | 0.00 | 0.00 |
| Science - Biology | 0 | 9 | 0 | 1 | 90 | 59 | 74.22 | 1 | 7 | 0.00 | 0.00 |
| Science - Physics | 0 | 8 | 1 | 1 | 75 | 43 | 76.00 | 3 | 7 | 0.00 | 0.00 |
| Science - Other | 0 | 5 | 1 | 1 | 45 | 52 | 76.20 | 3 | 4 | 0.00 | 0.00 |
| Fine Arts - Painting and Sculpture | 0 | 4 | 0 | 2 | 40 | 58 | 101.50 | 2 | 3 | 0.00 | 0.00 |
| Mythology | 0 | 4 | 0 | 1 | 40 | 77 | 85.00 | 1 | 3 | 0.00 | 0.00 |
| Social Science | 0 | 3 | 0 | 1 | 30 | 43 | 73.67 | 1 | 2 | 0.00 | 0.00 |
| Fine Arts - Other | 0 | 2 | 0 | 0 | 20 | 37 | 61.50 | 2 | 2 | 0.00 | 0.00 |
| Pop Culture | 0 | 1 | 0 | 0 | 10 | 47 | 47.00 | 0 | 1 | 0.00 | 0.00 |
| Philosophy | 0 | 1 | 0 | 0 | 10 | 47 | 47.00 | 1 | 1 | 0.00 | 0.00 |
| Religion | 0 | 1 | 0 | 0 | 10 | 66 | 66.00 | 0 | 1 | 0.00 | 0.00 |
| Fine Arts - Classical Music | 0 | 1 | 1 | 0 | 5 | 101 | 101.00 | 0 | 0 | 0.00 | 0.00 |
| History - Other | 0 | 0 | 2 | 0 | -10 | 0.00 | 0 | 0 | 0.00 | 0.00 |